Guess the Fusion Rock Song Lyrics #339 - Statistics

General Stats
  • This quiz has been taken 10 times
  • The average score is 141 of 223
Answer Stats
Answer % Correct
a
89%
and
89%
And
89%
as
89%
in
89%
mind
89%
on
89%
one
89%
the
89%
to
89%
you
89%
You
89%
your
89%
Your
89%
ever
78%
get
78%
go
78%
have
78%
her
78%
just
78%
know
78%
make
78%
of
78%
she's
78%
then
78%
Then
78%
when
78%
When
78%
by
67%
Did
67%
eyes
67%
gets
67%
It's
67%
not
67%
other
67%
say
67%
so
67%
some
67%
think
67%
up
67%
with
67%
With
67%
yes
67%
blue
56%
girl
56%
heart
56%
here
56%
must
56%
decide
44%
down
44%
takes
44%
world
44%
behind
33%
finally
33%
hide
33%
leave
33%
let
33%
little
33%
Lovin Spoonful
33%
many
33%
pick
33%
says
33%
Sometimes
33%
There's
33%
there's
33%
bet
22%
better
22%
Better
22%
bunny
22%
changes
22%
cute
22%
easy
22%
father
22%
hair
22%
home
22%
kind
22%
kiss
22%
money
22%
mousy
22%
often
22%
plenty
22%
really
22%
ride
22%
sister
22%
stolen
22%
tears
22%
you'd
22%
deep
11%
dig
11%
distracted
11%
line
11%
moment
11%
older
11%
son
11%
walks
11%
No matching quizzes found
Score Distribution
Percent of People with Each Score
Percentile by Number Answered
Your Score History
You have not taken this quiz